000 00554nam a2200181Ia 4500
003 IN-BaIIA
008 211028s9999 xx 000 0 eng d
040 _cIIA Library
080 _a533.5(047.1)
_bADV-II
245 0 _aAdvance in vacuum science and technology
_bvol. II
_cedited by E.Thomas
260 _aOxford
_bPergamon Press
_c1960
300 _aix, 824p.
650 _aNASA Thesaurus
650 _aVacuum physics
_92238
650 _aVacuum systems
_93797
700 _aThomas, E., ed.
_93798
942 _cBK
999 _c2014
_d2014